000 00906nam a2200205 a 4500
001 5123
003 CDMR
005 20131107135142.0
008 130130s1977||||||||||||||||||||||||||||d
020 _a8470750593
040 _aCDMR
_bcat
_cCDMR
245 0 _aLenguaje en periodismo escrito
_cFernando Lázaro Carreter... [et al.]
260 _aMadrid
_c1977
_bFundación Juan March
300 _a165 p.
490 _aUniversitaria (Fundación Juan March)
_v37
500 _aTreballs del seminari Lenguaje en el Periodismo Escrito, organitzat per la Fundación Juan March i celebrat durant els dies 30 i 31 de maig de 1977 Autors dels treballs: Fernando Lázaro Carreter, Luis Michelena Elissalt, Robert Escarpit, Eugenio de Bustos, Víctor de la Serna, Emilio Alarcos Llorach, Juan Luis Cebrián.
650 0 4 _92326
_aPremsa i llenguatge
700 1 _91925
_aLázaro Carreter, Fernando
942 _cMON
_2udc
999 _c5123
_d5123